Present Condition of Water Cleanness in the River Váh (Lisková-Ľubochňa) in the Vicinity of Ružomberok

Bibliographic Details
Main Authors: Krno, Iľja, 1950- (Author), Bulánková, Eva, 1951- (Author), Halgoš, Jozef, 1946- (Author)
Format: Article
Language:Slovak
English
PhysicalDescription:Tab. 2, res. slov., lit. 13 zán. v angl., češ., slov.
ISBN:8022306576
Subjects:

MARC

LEADER 00000nab a2200000 a 4500
001 vtls000504325
003 SK-MaSNL
005 20260304093240.0
008 250425c1993 xo 0 slo
015 |a SNBRA19rr/mm-uuuuu 
035 |a CL0504463 
035 |a urn:nbn:sk:snk-aba39o 
035 |a (urnnbn)urn:nbn:sk:snk:ar-a09dc1 
035 |a (uuid)bdbea743-d9b2-47cc-9a3e-83a3d9be5909 
040 |a SNKBUCL  |b slo  |c SNKBUCL  |e AACR2 
041 0 |a eng 
044 |a xo  |c SK 
080 |a 574.5:591.524.1:504.453  |2 1981 
080 |a 591.524.1  |2 1981 
080 |a 504.453  |2 1981 
100 1 |a Krno, Iľja,  |d 1950-  |4 aut  |9 104871 
245 1 0 |a Present Condition of Water Cleanness in the River Váh (Lisková-Ľubochňa) in the Vicinity of Ružomberok  |c Iľja Krno, Eva Bulánková, Jozef Halgoš 
300 |b Tab. 2, res. slov., lit. 13 zán. v angl., češ., slov. 
650 0 7 |a makrozoobentos  |2 snkbucl  |9 24614 
650 0 7 |a voda riečna  |2 snkbucl  |9 957699 
651 7 |a Ružomberok (Slovensko)  |2 snkbucl  |9 24370 
651 7 |a Váh (Slovensko : rieka)  |2 snkbucl  |9 59387 
655 7 |a články zo zborníkov  |2 snkbucl  |9 166140 
700 1 |a Bulánková, Eva,  |d 1951-  |4 aut  |9 114580 
700 1 |a Halgoš, Jozef,  |d 1946-  |4 aut  |9 114581 
773 0 |t Acta zoologica Universitatis Comenianae 37  |d Bratislava : Univerzita Komenského, 1993  |g S. 63-68  |z 8022306576 
850 |a Slovenská národná knižnica 
852 |a Slovenská národná knižnica 
958 |a article13 
958 |a RK 
958 |a ME 
958 |a NB 
958 |a OND 
958 |a EUIPO 
992 |a RZB 
999 |c 2822331  |d 2824261